000 00422nam a2200169 4500
003 SEACOMEC
005 20241227133010.0
008 241227b |||||||| |||| 00| 0 eng d
020 _a9788121923873,
_c250.00
040 _aSEACOMEC
082 _a513
_bA266
100 _aAgrawal ,Ashish
245 _aQuick Arithmetic/
_cAshish Agrawal
250 _a2nd ed
260 _aNew Delhi
_b S Chand & Co,
_c2007
942 _cBOOK
999 _c1917
_d1917